| 000 | 00675cam a2200193 4500 | ||
|---|---|---|---|
| 020 | _a0861636805 | ||
| 082 | 0 | 0 |
_a808.068 _bKNO |
| 100 | 1 |
_aBlyton, Enid. _911689 |
|
| 245 | 1 | 0 |
_aFamous Five _cIllustrated by Betty Maxey. _bFive fall into adventure. |
| 260 |
_a[New York] _bAtheneum _c[1972] |
||
| 300 |
_a188 p. _billus. _c21 cm. |
||
| 490 | 0 | _aAtheneum, B8. An Aladdin book | |
| 520 | _aWith the help of their new tomboy friend, four children and their dog put an end to some sinister events. | ||
| 526 |
_a0 _b0 _c0 _d808_068000000000000_KNO |
||
| 650 | 1 |
_aMCE _9379 |
|
| 650 | 1 |
_aMystery and detective stories. _913726 |
|
| 700 | 1 |
_aMaxey, Betty, _946905 |
|
| 942 |
_2ddc _cBK |
||
| 999 |
_c550183 _d550183 |
||